| 000 | 01585nam a2200301 a 4500 | ||
|---|---|---|---|
| 001 | 3564209 | ||
| 003 | OSt | ||
| 005 | 20251114064102.0 | ||
| 008 | 990305s1999 txua b 001 0 eng | ||
| 010 | _a 98087316 | ||
| 020 | _a0155041282 | ||
| 040 |
_aBSU _cBSU _bEnglish _dBSULIB |
||
| 050 | 0 | 0 |
_aHM251 _b.M459 1999 |
| 082 | 0 | 0 |
_a302 _221 _bMIC |
| 100 | 1 |
_aMichener, H. Andrew. _9378 |
|
| 245 | 1 | 0 |
_aSocial psychology / _cH. Andrew Michener, John D. DeLamater. |
| 250 | _a4th ed. | ||
| 260 |
_aFort Worth : _bHarcourt Brace College Publishers, _c1999. |
||
| 300 |
_axxii, 631 p. : _bill. ; _c24 cm. |
||
| 501 | _aIncludes index | ||
| 504 | _aIncludes bibliographical references (p. 535-586) and indexes. | ||
| 505 | _a1. Introduction to social psychology 2. Research methods in social psychology 3. Socialization 4. Self and identity 5. Social Perception and cognition 6. Attitudes 7. Symbolic communication and language 8. Social influence and persuasion 9. Self-presentation and impression management 10. Helping and Altruism 11. Aggression 12. Interpersonal Attraction and relationships 13. Group cohesion and conformity 14. Group structure and interaction 15. Group productivity and task performance 16. Intergroup conflict 17. Life course and Gender roles 18. Social Structure and personality 19. Deviant behavior and social movements | ||
| 650 | 0 |
_aSocial psychology. _9340 |
|
| 700 | 1 |
_aDeLamater, John D. _9379 |
|
| 906 |
_a7 _bcbc _corignew _d2 _eopcn _f19 _gy-gencatlg |
||
| 942 |
_2ddc _cRES |
||
| 999 |
_c150 _d150 |
||